00461nam a2200121Ia 45000010005000000080041000050820017000461000083000632450127001462600024002739010027002979990015003242201241024s9999 xx 000 0 und d aRD/338(R426e aRepública Dominicana. Ministerio de Economía, Planificación y Desarrollo 0aEvolución, determinantes agregados y dimensión espacial dela pobreza monetaria en la República Dominicana, 2000-2011 bSanto Domingoc2011 a26/3/2012 9:46:24 a.m. c9647d9647